00218nam a2200109Ia 4500008004100000041000800041082001200049100002200061245000900083260000900092365000700101240624s9999 xx 000 0 und d aeng a823 FOR aFORSYTH FREDERICK aICON c1996 cRS